000 004410000a22001690004500
003 LK-CoMWRAF
008 230817t ||||| |||| 00| 0 eng d
040 _aLK-CoMWRAF
_dLK-CoMWRAF
_eLK-CoMWRAF
041 _aeng
082 _a310
_bGAN
100 _aGanesan, P.C
245 _aVelai Parkum Pennkalin Pirachinaikal
_b
260 _aChennai
_bGankai Puthaka Nilaiyam
_c1992
300 _ap.107
650 _awomen & development
942 _cBK
999 _c2955
_d2955